[Event "Asia Cities-ch 18th"]
[Site "Tagaytay City"]
[Date "2013.10.26"]
[Round "9.1"]
[White "Sultan, Ibrahim"]
[Black "Lee, Sanghoon"]
[Result "0-1"]
[WhiteElo "1931"]
[BlackElo "2171"]
[PlyCount "76"]
[EventDate "2013.10.20"]
[EventType "team-swiss"]
[EventRounds "9"]
[EventCountry "PHI"]
[SourceTitle "EXT 2014"]
[Source "ChessBase"]
[SourceDate "2013.11.20"]
[SourceVersion "1"]
[SourceVersionDate "2013.11.20"]
[SourceQuality "1"]
[WhiteTeam "Dubai"]
[BlackTeam "Seoul"]
[WhiteTeamCountry "UAE"]
[BlackTeamCountry "KOR"]

1. d4 Nf6 2. c4 g6 3. Nc3 d5 4. cxd5 Nxd5 5. e4 Nxc3 6. bxc3 Bg7 7. Bc4 0-0 8. Ne2 c5 9. 0-0 Nc6 10. Be3 Bg4 11. f3 Bd7 12. Qd2 Qa5 13. d5 Ne5 14. Bd3 Nxd3 15. Qxd3 Bb5 16. c4 Ba6 17. Rac1 Rac8 18. Qb3 b5 19. Rfe1 bxc4 20. Qc2 Rb8 21. Bd2 Qa3 22. Bc3 Rb4 23. Bxg7 Kxg7 24. Qc3+ Qxc3 25. Rxc3 Ra4 26. Nc1 Rb8 27. Re2 Rb1 28. Rec2 Bb5 29. g4 g5 30. Kf2 Kf6 31. Ke3 Ke5 32. h4 h6 33. Rd2 f6 34. h5 Rab4 35. Ra3 Rxc1 36. d6 exd6 37. Rxa7 Ke6 38. Rh7 c3 0-1

[Event "Asia Cities-ch 18th"]
[Site "Tagaytay City"]
[Date "2013.10.25"]
[Round "8.1"]
[White "Yang, Ching Wei Austin"]
[Black "Lee, Sanghoon"]
[Result "1/2-1/2"]
[WhiteElo "1782"]
[BlackElo "2171"]
[PlyCount "89"]
[EventDate "2013.10.20"]
[EventType "team-swiss"]
[EventRounds "9"]
[EventCountry "PHI"]
[SourceTitle "EXT 2014"]
[Source "ChessBase"]
[SourceDate "2013.11.20"]
[SourceVersion "1"]
[SourceVersionDate "2013.11.20"]
[SourceQuality "1"]
[WhiteTeam "Chinese Taipei"]
[BlackTeam "Seoul"]
[WhiteTeamCountry "TPE"]
[BlackTeamCountry "KOR"]

1. b3 Nf6 2. Bb2 g6 3. e4 c5 4. g3 Bg7 5. Bg2 d6 6. h3 Nc6 7. Ne2 e5 8. 0-0 0-0 9. Nbc3 a6 10. a4 Nd4 11. d3 Bd7 12. Nxd4 cxd4 13. Ne2 Rc8 14. c3 dxc3 15. Bxc3 Bc6 16. f4 Re8 17. fxe5 dxe5 18. Rf3 Nd7 19. b4 f6 20. Kh2 b5 21. axb5 Bxb5 22. Bb2 Nb8 23. Nc3 Nc6 24. Nd5 Qd6 25. Qb3 Kh8 26. Raf1 Rf8 27. R1f2 Nd4 28. Bxd4 exd4 29. Rc2 h5 30. h4 Bd7 31. Nf4 f5 32. Rxc8 Rxc8 33. exf5 Bxf5 34. Bh3 Bxh3 35. Nxh3 Rc3 36. Qa2 Qxb4 37. Ng5 Qb3 38. Qxa6 Qc2+ 39. Kh3 Rc6 40. Qa8+ Rc8 41. Qd5 Qc6 42. Nf7+ Kh7 43. Ng5+ Kh8 44. Nf7+ Kh7 45. Ng5+ 1/2-1/2

[Event "Asia Cities-ch 18th"]
[Site "Tagaytay City"]
[Date "2013.10.23"]
[Round "5.1"]
[White "Al Awadhi, Waleed"]
[Black "Lee, Sanghoon"]
[Result "0-1"]
[WhiteElo "2034"]
[BlackElo "2171"]
[PlyCount "94"]
[EventDate "2013.10.20"]
[EventType "team-swiss"]
[EventRounds "9"]
[EventCountry "PHI"]
[SourceTitle "EXT 2014"]
[Source "ChessBase"]
[SourceDate "2013.11.20"]
[SourceVersion "1"]
[SourceVersionDate "2013.11.20"]
[SourceQuality "1"]
[WhiteTeam "Kuwait"]
[BlackTeam "Seoul"]
[WhiteTeamCountry "KUW"]
[BlackTeamCountry "KOR"]

1. e3 Nf6 2. f4 g6 3. Nf3 Bg7 4. Be2 0-0 5. 0-0 c5 6. d3 d5 7. a4 Nc6 8. Qe1 Nb4 9. Bd1 Bf5 10. Nc3 c4 11. e4 Bg4 12. e5 Ne8 13. Qh4 Bxf3 14. Rxf3 e6 15. Qf2 cxd3 16. cxd3 f5 17. Be3 Nc6 18. Bc5 Rf7 19. Nb5 a6 20. Bb6 Qd7 21. Nc3 Bf8 22. a5 Rc8 23. Ba4 Qe7 24. d4 Qb4 25. Bd1 Nc7 26. Ra4 Qe7 27. Be2 Qe8 28. Rh3 Na8 29. Bc5 Bxc5 30. dxc5 Nc7 31. Ra3 Qe7 32. Nb1 d4 33. Nd2 Qxc5 34. Nf3 Qc1+ 35. Bf1 Qxf4 36. Rh4 Qc1 37. Qe2 Nd5 38. g3 f4 39. Ng5 f3 40. Nxf3 Ne3 41. Rf4 Rcf8 42. Ne1 Rxf4 43. gxf4 Rxf4 44. Bh3 Nxe5 45. Rxe3 dxe3 46. Bxe6+ Kg7 47. Bb3 Nf3+ 0-1

[Event "Asia Cities-ch 18th"]
[Site "Tagaytay City"]
[Date "2013.10.23"]
[Round "6.1"]
[White "Lee, Sanghoon"]
[Black "Chan, Nicholas"]
[Result "0-1"]
[WhiteElo "2171"]
[BlackElo "2378"]
[PlyCount "138"]
[EventDate "2013.10.20"]
[EventType "team-swiss"]
[EventRounds "9"]
[EventCountry "PHI"]
[SourceTitle "EXT 2014"]
[Source "ChessBase"]
[SourceDate "2013.11.20"]
[SourceVersion "1"]
[SourceVersionDate "2013.11.20"]
[SourceQuality "1"]
[WhiteTeam "Seoul"]
[BlackTeam "Shah Alam"]
[WhiteTeamCountry "KOR"]
[BlackTeamCountry "MAS"]

1. Nf3 c5 2. g3 Nf6 3. Bg2 g6 4. 0-0 Bg7 5. c4 d5 6. cxd5 Nxd5 7. Nc3 0-0 8. Nxd5 Qxd5 9. d3 Nc6 10. Ng5 Qd7 11. Ne4 b6 12. Nc3 Bb7 13. Qa4 Rad8 14. Qh4 Rfe8 15. Bh6 Bh8 16. Be3 Qc8 17. Rac1 Bg7 18. a3 Qb8 19. Qa4 Qa8 20. Rfe1 e5 21. b4 cxb4 22. axb4 Nd4 23. Bxb7 Qxb7 24. Bxd4 exd4 25. Ne4 Re6 26. Rc2 Bh6 27. f4 f5 28. Qa2 Qd5 29. Qxd5 Rxd5 30. Nd2 Bf8 31. Rc4 b5 32. Rc8 Kg7 33. Rc7+ Re7 34. Rec1 Rdd7 35. Rxd7 Rxd7 36. Rb1 Kf6 37. Nf3 Ke6 38. Kf2 Kd5 39. e3 dxe3+ 40. Kxe3 Rc7 41. Kd2 Bg7 42. Rb3 Bf6 43. h3 Be7 44. Rb2 Rc6 45. Ne1 Bd8 46. Nc2 Bb6 47. Rb1 h5 48. Rf1 Bd4 49. Rf3 Rc7 50. Ne3+ Kd6 51. Nc2 Bb6 52. g4 h4 53. g5 a5 54. bxa5 Bxa5+ 55. Kc1 Bc3 56. Kb1 Ra7 57. Ne3 b4 58. Kc2 Kc5 59. Nc4 Kd4 60. Rf1 Ra2+ 61. Kb3 Rh2 62. Rf3 Rg2 63. Ne5 Rb2+ 64. Ka4 Ra2+ 65. Kb5 b3 66. Nc6+ Kd5 67. Rf1 b2 68. Rb1 Ra1 69. Nb4+ Kd6 0-1

[Event "Olympiad-40"]
[Site "Istanbul"]
[Date "2012.09.04"]
[Round "7.1"]
[White "Lee, Sanghoon"]
[Black "Chumfwa, Stanley"]
[Result "1/2-1/2"]
[WhiteElo "2126"]
[BlackElo "2347"]
[PlyCount "101"]
[EventDate "2012.08.28"]
[EventType "team-swiss"]
[EventRounds "11"]
[EventCountry "TUR"]
[SourceTitle "CBM 151"]
[Source "ChessBase"]
[SourceDate "2012.11.13"]
[SourceVersion "1"]
[SourceVersionDate "2012.11.13"]
[SourceQuality "1"]
[WhiteTeam "South Korea"]
[BlackTeam "Zambia"]
[WhiteTeamCountry "KOR"]
[BlackTeamCountry "ZAM"]

1. c4 Nf6 2. g3 g6 3. Bg2 Bg7 4. Nc3 0-0 5. e4 d6 6. Nge2 c5 7. 0-0 Nc6 8. d3 a6 9. a4 Rb8 10. h3 Ne8 11. Be3 Nd4 12. Rb1 Nxe2+ 13. Nxe2 b5 14. cxb5 axb5 15. b4 bxa4 16. Qxa4 Bd7 17. Qa3 Ra8 18. Qc1 cxb4 19. Rxb4 Qa5 20. Rb7 Nf6 21. Nd4 Rfc8 22. Qb1 e5 23. Nb5 Rc6 24. Na7 Ra6 25. Rb8+ Rxb8 26. Qxb8+ Ne8 27. Rc1 Bf6 28. Qb7 Be6 29. Bf1 Qa2 30. Nc6 Ra8 31. d4 exd4 32. Nxd4 Ra7 33. Qb6 Re7 34. Nxe6 Qxe6 35. Bg2 h5 36. h4 Kh7 37. Rc6 Qd7 38. Kh2 Qb7 39. f4 Qxb6 40. Bxb6 Bb2 41. Bf3 Ba3 42. Kg2 Rb7 43. e5 dxe5 44. fxe5 Re7 45. Bd4 Ng7 46. Bc3 Ne6 47. Bd5 Kg7 48. Kf3 Rc7 49. Rxc7 Nxc7 50. Bc4 Kf8 51. Ba5 1/2-1/2

[Event "Olympiad-40"]
[Site "Istanbul"]
[Date "2012.09.03"]
[Round "6.1"]
[White "Lee, Sanghoon"]
[Black "Baules Rodriguez, Jorge Luis"]
[Result "1/2-1/2"]
[WhiteElo "2126"]
[BlackElo "2352"]
[PlyCount "107"]
[EventDate "2012.08.28"]
[EventType "team-swiss"]
[EventRounds "11"]
[EventCountry "TUR"]
[SourceTitle "CBM 151"]
[Source "ChessBase"]
[SourceDate "2012.11.13"]
[SourceVersion "1"]
[SourceVersionDate "2012.11.13"]
[SourceQuality "1"]
[WhiteTeam "South Korea"]
[BlackTeam "Panama"]
[WhiteTeamCountry "KOR"]
[BlackTeamCountry "PAN"]

1. c4 c5 2. Nf3 g6 3. e4 Bg7 4. d4 cxd4 5. Nxd4 Nc6 6. Be3 Nf6 7. Nc3 0-0 8. Be2 d6 9. 0-0 Bd7 10. Qd2 Nxd4 11. Bxd4 Bc6 12. f3 a5 13. b3 Nd7 14. Rad1 Nc5 15. Bxg7 Kxg7 16. f4 Qb6 17. Qd4+ Kg8 18. Nd5 Bxd5 19. cxd5 Qb4 20. Bf3 Rfc8 21. Qxb4 axb4 22. Rf2 Na6 23. Be2 Nc5 24. Bf3 Ra5 25. Rc2 Rd8 26. Rd4 Rda8 27. Rdd2 Kf8 28. Kf2 Ke8 29. Ke3 Kd8 30. Kd4 Kc7 31. e5 Kb6 32. Kc4 Na6 33. Kd4 Rc5 34. Rxc5 Nxc5 35. Rc2 Rc8 36. Rc4 Ka5 37. Bg4 Rc7 38. Bd1 Na6 39. Rxc7 Nxc7 40. Be2 Nb5+ 41. Bxb5 Kxb5 42. g4 f6 43. exf6 exf6 44. g5 f5 45. h3 Kb6 46. Kc4 Ka5 47. Kd3 Kb5 48. Kd4 Ka6 49. Kc4 Ka5 50. Kd3 Kb5 51. Kd4 Kb6 52. Kc4 Ka5 53. Kd3 Kb5 54. Kd4 1/2-1/2

[Event "Olympiad-40"]
[Site "Istanbul"]
[Date "2012.08.28"]
[Round "1.1"]
[White "Lee, Sanghoon"]
[Black "Goh, Wei Ming Kevin"]
[Result "0-1"]
[WhiteElo "2126"]
[BlackElo "2437"]
[PlyCount "68"]
[EventDate "2012.08.28"]
[EventType "team-swiss"]
[EventRounds "11"]
[EventCountry "TUR"]
[SourceTitle "CBM 151"]
[Source "ChessBase"]
[SourceDate "2012.11.13"]
[SourceVersion "1"]
[SourceVersionDate "2012.11.13"]
[SourceQuality "1"]
[WhiteTeam "South Korea"]
[BlackTeam "Singapore"]
[WhiteTeamCountry "KOR"]
[BlackTeamCountry "SIN"]

1. c4 e6 2. g3 d5 3. Bg2 Nf6 4. Nf3 Be7 5. 0-0 0-0 6. b3 d4 7. Bb2 Nc6 8. e3 e5 9. exd4 exd4 10. d3 Bg4 11. h3 Bh5 12. Na3 Nd7 13. Nc2 Nc5 14. g4 Bg6 15. Nfxd4 Nxd4 16. Bxd4 Ne6 17. Be3 Bxd3 18. Re1 Bf6 19. Rc1 Bb2 20. Bxb7 Bxc1 21. Qxc1 Qh4 22. Bg2 c5 23. Rd1 Rad8 24. Ne1 Bg6 25. Rd5 Qe7 26. Qc3 Nd4 27. Qa5 Rxd5 28. cxd5 f5 29. Qd2 f4 30. Bxd4 cxd4 31. Nf3 d3 32. Nd4 Qe5 33. Nc6 Qe2 34. Qb4 d2 0-1

[Event "Moscow op-A"]
[Site "Moscow"]
[Date "2012.01.28"]
[Round "1"]
[White "Arslanov, Shamil M"]
[Black "Lee, Sanghoon"]
[Result "1/2-1/2"]
[WhiteElo "2424"]
[BlackElo "2142"]
[PlyCount "98"]
[EventDate "2012.01.28"]
[EventType "swiss"]
[EventRounds "9"]
[EventCountry "RUS"]
[SourceTitle "CBM 146 Extra"]
[Source "ChessBase"]
[SourceDate "2012.02.29"]
[SourceVersion "1"]
[SourceVersionDate "2012.02.29"]
[SourceQuality "1"]

1. e4 c5 2. Nf3 d6 3. d4 cxd4 4. Nxd4 Nf6 5. Nc3 g6 6. Be3 Bg7 7. f3 0-0 8. Qd2 Nc6 9. Bc4 Bd7 10. 0-0-0 Rb8 11. Bb3 Na5 12. g4 b5 13. Bh6 Bxh6 14. Qxh6 e5 15. Nf5 Bxf5 16. gxf5 b4 17. Nd5 Nxb3+ 18. cxb3 Nxd5 19. Rxd5 Rb6 20. Kb1 Rc6 21. h4 Qf6 22. h5 Qg7 23. Qd2 gxf5 24. Rxd6 Rxd6 25. Qxd6 fxe4 26. Qc5 e3 27. Qxe3 Qf6 28. Qxa7 Qf5+ 29. Ka1 Qxf3 30. Rg1+ Kh8 31. Qc5 Rg8 32. h6 Rxg1+ 33. Qxg1 Qf6 34. Qc1 Qa6 35. a4 bxa3 36. bxa3 f5 37. a4 f4 38. Kb2 Qxh6 39. Qc8+ Kg7 40. a5 Qd6 41. a6 Qd2+ 42. Ka3 Qa5+ 43. Kb2 Qd2+ 44. Qc2 Qd4+ 45. Ka2 Qb6 46. Qg2+ Kh6 47. Qb7 Qa5+ 48. Kb2 Qd2+ 49. Ka3 Qa5+ 1/2-1/2

[Event "Asia-chT 16th"]
[Site "Guangzhou"]
[Date "2010.11.18"]
[Round "1"]
[White "Ghaem Maghami, Ehsan"]
[Black "Lee, Sanghoon"]
[Result "1-0"]
[WhiteElo "2593"]
[BlackElo "2132"]
[PlyCount "95"]
[EventDate "2010.11.18"]
[EventType "team-swiss"]
[EventRounds "9"]
[EventCountry "CHN"]
[SourceTitle "CBM 139 Extra"]
[Source "ChessBase"]
[SourceDate "2011.01.05"]
[SourceVersion "1"]
[SourceVersionDate "2011.01.05"]
[SourceQuality "1"]
[WhiteTeam "Iran"]
[BlackTeam "Korea"]
[WhiteTeamCountry "IRI"]
[BlackTeamCountry "KOR"]

1. c4 Nf6 2. Nc3 c5 3. g3 Nc6 4. Bg2 g6 5. e3 Bg7 6. d4 cxd4 7. exd4 d6 8. Nge2 0-0 9. h3 e5 10. d5 Ne7 11. 0-0 b6 12. Bd2 h6 13. Rc1 a5 14. Nb5 Ba6 15. Nec3 Rc8 16. b3 Bxb5 17. Nxb5 Nf5 18. Na7 Rc7 19. Nc6 Qd7 20. Bc3 Re8 21. Re1 Rcc8 22. Qc2 Ne7 23. a3 h5 24. Rcd1 h4 25. g4 Bh6 26. Bd2 Bxd2 27. Qxd2 Nh7 28. f4 exf4 29. Qxf4 g5 30. Qf2 Ng6 31. Qxb6 Nf4 32. Qa7 Qxa7+ 33. Nxa7 Rb8 34. Nb5 Rxe1+ 35. Rxe1 Kf8 36. Re3 Rb6 37. Bf1 Nf6 38. b4 axb4 39. axb4 Nd7 40. Ra3 Ne5 41. Re3 Nd7 42. Ra3 Ne5 43. Ra8+ Ke7 44. c5 dxc5 45. bxc5 Rf6 46. d6+ Kd7 47. Nd4 Ned3 48. Ra7+ 1-0

[Event "Asia rap (Men) 16th"]
[Site "Guangzhou"]
[Date "2010.11.14"]
[Round "3"]
[White "Lee, Sanghoon"]
[Black "Shukuraliev, Algis"]
[Result "1-0"]
[WhiteElo "2132"]
[BlackElo "2376"]
[PlyCount "83"]
[EventDate "2010.11.13"]
[EventType "swiss (rapid)"]
[EventRounds "9"]
[EventCountry "CHN"]
[SourceTitle "EXT 2011"]
[Source "ChessBase"]
[SourceDate "2010.11.26"]
[SourceVersion "1"]
[SourceVersionDate "2010.11.26"]
[SourceQuality "1"]

1. d4 Nf6 2. c4 g6 3. Nc3 Bg7 4. e4 d6 5. Nf3 0-0 6. h3 e5 7. d5 a5 8. Be3 Na6 9. Bd3 Ne8 10. g4 c6 11. a3 Bd7 12. Qe2 cxd5 13. Nxd5 Nc5 14. Bxc5 dxc5 15. 0-0-0 Nc7 16. Bc2 Ne6 17. h4 Nd4 18. Nxd4 cxd4 19. Kb1 Be6 20. Rdg1 Rc8 21. Bd3 b5 22. cxb5 Bxd5 23. exd5 Qxd5 24. Be4 Qd6 25. Rc1 Rxc1+ 26. Rxc1 f5 27. Rc6 Qd7 28. Qc4+ Kh8 29. gxf5 gxf5 30. Rc7 Qd6 31. Qc6 Qg6 32. Qxg6 hxg6 33. Bc6 Rb8 34. f3 Kh7 35. a4 g5 36. hxg5 Kg6 37. b4 axb4 38. a5 Rd8 39. b6 d3 40. b7 d2 41. Ba4 e4 42. Rc8 1-0

[Event "Asia rap (Men) 16th"]
[Site "Guangzhou"]
[Date "2010.11.14"]
[Round "4"]
[White "Tologontegin, Semetey"]
[Black "Lee, Sanghoon"]
[Result "1/2-1/2"]
[WhiteElo "2330"]
[BlackElo "2132"]
[PlyCount "184"]
[EventDate "2010.11.13"]
[EventType "swiss (rapid)"]
[EventRounds "9"]
[EventCountry "CHN"]
[SourceTitle "EXT 2011"]
[Source "ChessBase"]
[SourceDate "2010.11.26"]
[SourceVersion "1"]
[SourceVersionDate "2010.11.26"]
[SourceQuality "1"]

1. d4 Nf6 2. c4 g6 3. Nc3 d5 4. cxd5 Nxd5 5. Bd2 Bg7 6. e3 0-0 7. Nf3 c5 8. Be2 Nc6 9. dxc5 Nxc3 10. Bxc3 Bxc3+ 11. bxc3 Qa5 12. 0-0 Qxc5 13. Qb3 b6 14. Rfd1 Be6 15. Qb5 Rad8 16. Nd4 Bd7 17. Qxc5 bxc5 18. Nb3 Bf5 19. Nxc5 Na5 20. e4 Rc8 21. Nd7 Bxd7 22. Rxd7 Rxc3 23. Rxe7 Nc6 24. Rd7 Rb8 25. Bd1 Ra3 26. Rc1 Ne5 27. Rd5 Nd3 28. Rc2 Rb1 29. Rd2 Nb2 30. g3 Rxa2 31. Kg2 Rxd1 32. Rxd1 Nxd1 33. Rxd1 a5 34. Kf3 a4 35. Rd8+ Kg7 36. e5 g5 37. h4 gxh4 38. gxh4 h5 39. Rd6 Rb2 40. Rd4 a3 41. Ra4 a2 42. Ra6 Rb3+ 43. Kf4 Rb2 44. f3 Rf2 45. Kg3 Rb2 46. Kf4 Rf2 47. Ra3 Kg6 48. Ra6+ Kg7 49. Ra3 Kg6 50. Ra7 Kg7 51. e6 a1Q 52. Rxa1 fxe6 53. Rg1+ Kf6 54. Rg5 e5+ 55. Ke3 Ra2 56. Rxh5 Ra3+ 57. Ke4 Ra4+ 58. Ke3 Ra3+ 59. Kf2 Ra2+ 60. Ke3 Ra3+ 61. Ke4 Ra4+ 62. Ke3 Ra3+ 63. Kf2 Ra2+ 64. Kg3 Ra3 65. Kf2 Ra2+ 66. Kg3 Ra3 67. Rh6+ Kf5 68. Rh5+ Kf6 69. Kg4 Ra4+ 70. Kg3 Ra3 71. Rh6+ Kf5 72. Kf2 Ra2+ 73. Ke3 Ra3+ 74. Ke2 Ra2+ 75. Ke3 Ra3+ 76. Kf2 Ra2+ 77. Kg3 Ra3 78. Rh8 e4 79. Rf8+ Kg6 80. Kg4 Rxf3 81. Re8 Re3 82. Kf4 Re1 83. Kg4 Re3 84. Kf4 Re1 85. Re6+ Kh5 86. Re8 e3 87. Rh8+ Kg6 88. h5+ Kg7 89. Re8 e2 90. Kf3 Kh6 91. Rxe2 Rxe2 92. Kxe2 Kxh5 1/2-1/2

[Event "Asia rap (Men) 16th"]
[Site "Guangzhou"]
[Date "2010.11.13"]
[Round "1"]
[White "Lee, Sanghoon"]
[Black "Moradiabadi, Elshan"]
[Result "0-1"]
[WhiteElo "2132"]
[BlackElo "2575"]
[PlyCount "116"]
[EventDate "2010.11.13"]
[EventType "swiss (rapid)"]
[EventRounds "9"]
[EventCountry "CHN"]
[SourceTitle "EXT 2011"]
[Source "ChessBase"]
[SourceDate "2010.11.26"]
[SourceVersion "1"]
[SourceVersionDate "2010.11.26"]
[SourceQuality "1"]

1. d4 d6 2. Nf3 g6 3. c4 Bg7 4. Nc3 Bg4 5. g3 Qc8 6. h3 Bxf3 7. exf3 Nc6 8. Be3 e5 9. dxe5 Nxe5 10. f4 Nc6 11. Bg2 Nge7 12. Qd2 0-0 13. 0-0 Nf5 14. Kh2 Re8 15. Rfe1 Nce7 16. Rf1 Nc6 17. Rfe1 Nce7 18. Rad1 a6 19. b3 Rb8 20. a4 Nxe3 21. fxe3 Nf5 22. Nd5 c6 23. Nc3 Qc7 24. e4 Nd4 25. b4 a5 26. Ne2 c5 27. b5 Nxe2 28. Rxe2 Bd4 29. Bf3 Qe7 30. Kg2 b6 31. h4 Qf6 32. Qd3 Re7 33. Rde1 Rbe8 34. Rd1 h6 35. Qd2 Kg7 36. Qd3 Rg8 37. Rh1 Kf8 38. Kf1 g5 39. hxg5 hxg5 40. f5 g4 41. Bg2 Rh8 42. Rxh8+ Qxh8 43. Ke1 Qh2 44. Kd2 Qg1 45. Kc2 Qa1 46. Kb3 d5 47. Qc2 dxc4+ 48. Kxc4 Be5 49. Rd2 Qa3 50. Qb3 Qc1+ 51. Rc2 Qd1 52. Qd3 Rd7 53. Qxd1 Rxd1 54. Ra2 Bxg3 55. e5 Bxe5 56. Re2 f6 57. Bc6 g3 58. Re4 g2 0-1

[Event "Asia rap (Men) 16th"]
[Site "Guangzhou"]
[Date "2010.11.13"]
[Round "2"]
[White "So, Wesley"]
[Black "Lee, Sanghoon"]
[Result "1-0"]
[WhiteElo "2669"]
[BlackElo "2132"]
[PlyCount "70"]
[EventDate "2010.11.13"]
[EventType "swiss (rapid)"]
[EventRounds "9"]
[EventCountry "CHN"]
[SourceTitle "EXT 2011"]
[Source "ChessBase"]
[SourceDate "2010.11.26"]
[SourceVersion "1"]
[SourceVersionDate "2010.11.26"]
[SourceQuality "1"]

1. d4 d5 2. c4 e6 3. Nf3 Nf6 4. g3 Be7 5. Bg2 0-0 6. 0-0 dxc4 7. Ne5 c5 8. dxc5 Qxd1 9. Rxd1 Bxc5 10. Nc3 a6 11. Nb1 Be7 12. Nc3 Bc5 13. Nxc4 Nc6 14. Na4 Ba7 15. Nab6 Bxb6 16. Nxb6 Rb8 17. Be3 Nd5 18. Bxd5 exd5 19. Bf4 Be6 20. Bxb8 Rxb8 21. Nxd5 Kf8 22. Nf4 Bf5 23. h4 Re8 24. f3 Ne5 25. Rac1 Bd7 26. Kf2 Bc6 27. Nd3 Nxd3+ 28. Rxd3 Bb5 29. Rdd1 Bc6 30. Rd3 Bb5 31. Re3 Rd8 32. Rc7 Bc6 33. Ree7 Bd5 34. b3 Be6 35. Rxb7 Rd2 1-0

[Event "Olympiad-39"]
[Site "Khanty-Mansiysk"]
[Date "2010.09.27"]
[Round "6.1"]
[White "Lee, Sanghoon"]
[Black "Wiedenkeller, Michael"]
[Result "0-1"]
[WhiteElo "2146"]
[BlackElo "2431"]
[PlyCount "94"]
[EventDate "2010.09.21"]
[EventType "team-swiss"]
[EventRounds "11"]
[EventCountry "RUS"]
[SourceTitle "CBM 139"]
[Source "ChessBase"]
[SourceDate "2010.11.18"]
[SourceVersion "1"]
[SourceVersionDate "2010.11.18"]
[SourceQuality "1"]
[WhiteTeam "Korea"]
[BlackTeam "Luxembourg"]
[WhiteTeamCountry "KOR"]
[BlackTeamCountry "LUX"]

1. d4 e6 2. Nf3 f5 3. c4 Nf6 4. g3 d5 5. Bg2 c6 6. Qc2 Bd6 7. 0-0 0-0 8. b3 Qe7 9. Bf4 Bxf4 10. gxf4 Nbd7 11. Nbd2 Ne4 12. e3 Nxd2 13. Qxd2 Kh8 14. Rfc1 Nf6 15. Ne5 Bd7 16. b4 Ne4 17. Bxe4 fxe4 18. Kh1 Be8 19. Rg1 Bh5 20. c5 Rf5 21. Rg3 Raf8 22. Rag1 Rg8 23. Rg5 Rxe5 24. dxe5 Bf3+ 25. R1g2 a5 26. a3 axb4 27. Qxb4 Ra8 28. h3 Ra6 29. Kh2 Bxg2 30. Kxg2 b6 31. cxb6 Qxb4 32. axb4 Rxb6 33. f5 Rxb4 34. fxe6 Rb7 35. f4 exf3+ 36. Kxf3 Re7 37. e4 d4 38. Ke2 Rxe6 39. Kd3 h6 40. Rf5 c5 41. h4 g6 42. Rf7 Rxe5 43. Rd7 Kg8 44. Ra7 g5 45. Ra6 Kh7 46. h5 g4 47. Rg6 Rg5 0-1

[Event "Olympiad-39"]
[Site "Khanty-Mansiysk"]
[Date "2010.09.24"]
[Round "4.1"]
[White "Lee, Sanghoon"]
[Black "Phillips, Roy Jean Noel"]
[Result "0-1"]
[WhiteElo "2146"]
[BlackElo "2248"]
[PlyCount "62"]
[EventDate "2010.09.21"]
[EventType "team-swiss"]
[EventRounds "11"]
[EventCountry "RUS"]
[SourceTitle "CBM 139"]
[Source "ChessBase"]
[SourceDate "2010.11.18"]
[SourceVersion "1"]
[SourceVersionDate "2010.11.18"]
[SourceQuality "1"]
[WhiteTeam "Korea"]
[BlackTeam "Mauritius"]
[WhiteTeamCountry "KOR"]
[BlackTeamCountry "MRI"]

1. d4 Nf6 2. c4 g6 3. Nc3 Bg7 4. e4 d6 5. Nf3 0-0 6. h3 c6 7. Be3 a6 8. g4 b5 9. Qc2 e5 10. 0-0-0 Qe7 11. dxe5 dxe5 12. Be2 Nbd7 13. g5 Nh5 14. h4 Rb8 15. cxb5 axb5 16. Nd2 Nf4 17. Bf3 Nc5 18. Kb1 Nfe6 19. Ne2 Nd4 20. Nxd4 exd4 21. Bf4 d3 22. Qc1 Ra8 23. Nb3 Qa7 24. a3 Nxb3 25. Qe3 Qxe3 26. Bxe3 Rd8 27. Bb6 Rd7 28. Ka2 Rb7 29. Be3 Be6 30. Kb1 b4 31. a4 Bc4 0-1

[Event "Olympiad-39"]
[Site "Khanty-Mansiysk"]
[Date "2010.09.22"]
[Round "2.1"]
[White "Olape, Bunmi"]
[Black "Lee, Sanghoon"]
[Result "1/2-1/2"]
[WhiteElo "2256"]
[BlackElo "2146"]
[PlyCount "80"]
[EventDate "2010.09.21"]
[EventType "team-swiss"]
[EventRounds "11"]
[EventCountry "RUS"]
[SourceTitle "CBM 139"]
[Source "ChessBase"]
[SourceDate "2010.11.18"]
[SourceVersion "1"]
[SourceVersionDate "2010.11.18"]
[SourceQuality "1"]
[WhiteTeam "Nigeria"]
[BlackTeam "Korea"]
[WhiteTeamCountry "NGR"]
[BlackTeamCountry "KOR"]

1. e4 c5 2. Nf3 Nc6 3. d4 cxd4 4. Nxd4 g6 5. Nc3 Bg7 6. Be3 Nf6 7. Be2 0-0 8. 0-0 d5 9. exd5 Nxd5 10. Nxd5 Qxd5 11. Bf3 Qc4 12. Nxc6 bxc6 13. c3 Rb8 14. Qd2 Rb7 15. Rfd1 Bf5 16. Be2 Qa4 17. b3 Qa5 18. Rac1 Rd7 19. Qb2 Rfd8 20. Rxd7 Rxd7 21. h3 c5 22. a3 Be6 23. b4 cxb4 24. axb4 Qc7 25. Qa3 Bc4 26. Bxc4 Qxc4 27. Bxa7 Rd2 28. Qa5 Bxc3 29. Be3 Rd5 30. Qa3 Rd3 31. b5 Be5 32. Qa8+ Kg7 33. Qc6 Qb3 34. Rf1 Rd1 35. g4 Rd5 36. b6 Rb5 37. Qd7 Bd6 38. Rc1 Qd5 39. Qc6 Qxc6 40. Rxc6 f5 1/2-1/2

[Event "Seoul op"]
[Site "Seoul"]
[Date "2008.12.05"]
[Round "9"]
[White "Kojima, Shinya"]
[Black "Lee, Sanghoon"]
[Result "1/2-1/2"]
[WhiteElo "2272"]
[BlackElo "2109"]
[PlyCount "51"]
[EventDate "2008.12.01"]
[EventType "swiss"]
[EventRounds "9"]
[EventCountry "KOR"]
[SourceTitle "EXT 2010"]
[Source "ChessBase"]
[SourceDate "2010.11.25"]
[SourceVersion "1"]
[SourceVersionDate "2010.11.25"]
[SourceQuality "1"]

1. Nf3 Nf6 2. c4 b6 3. g3 Bb7 4. Bg2 e6 5. 0-0 Be7 6. Nc3 0-0 7. Re1 Ne4 8. Nxe4 Bxe4 9. d3 Bb7 10. e4 d6 11. d4 Nd7 12. Qc2 c5 13. dxc5 dxc5 14. Bf4 Qc8 15. e5 Rd8 16. Bg5 Bxg5 17. Nxg5 g6 18. Bxb7 Qxb7 19. Qe2 Nb8 20. Ne4 Nc6 21. Qf3 Qc7 22. Qf4 Rd4 23. Qg5 h6 24. Nf6+ Kg7 25. Nh5+ Kh7 26. Nf6+ 1/2-1/2

[Event "Seoul op"]
[Site "Seoul"]
[Date "2008.12.04"]
[Round "7"]
[White "Kim, Yongtae"]
[Black "Lee, Sanghoon"]
[Result "0-1"]
[WhiteElo "1853"]
[BlackElo "2109"]
[PlyCount "42"]
[EventDate "2008.12.01"]
[EventType "swiss"]
[EventRounds "9"]
[EventCountry "KOR"]
[SourceTitle "EXT 2010"]
[Source "ChessBase"]
[SourceDate "2010.11.25"]
[SourceVersion "1"]
[SourceVersionDate "2010.11.25"]
[SourceQuality "1"]

1. Nf3 Nf6 2. e3 g6 3. b3 Bg7 4. Bb2 0-0 5. c4 b6 6. Nc3 Bb7 7. d3 c5 8. Be2 e6 9. 0-0 d5 10. Qd2 Nc6 11. Rfd1 e5 12. e4 dxe4 13. dxe4 Nd4 14. Qd3 Re8 15. Nd5 Nxd5 16. cxd5 f5 17. Nxd4 fxe4 18. Qxe4 exd4 19. Qc2 Bxd5 20. b4 Qg5 21. Bc4 Qxg2# 0-1

[Event "Olympiad-38"]
[Site "Dresden"]
[Date "2008.11.25"]
[Round "11"]
[White "Yu, Marco"]
[Black "Lee, Sanghoon"]
[Result "1/2-1/2"]
[WhiteElo "2006"]
[BlackElo "2109"]
[PlyCount "60"]
[EventDate "2008.11.13"]
[EventType "team-swiss"]
[EventRounds "11"]
[EventCountry "GER"]
[SourceTitle "CBM 128"]
[Source "ChessBase"]
[SourceDate "2009.01.28"]
[SourceVersion "1"]
[SourceVersionDate "2009.01.28"]
[SourceQuality "1"]
[WhiteTeam "Hong Kong"]
[BlackTeam "South Korea"]
[WhiteTeamCountry "HKG"]
[BlackTeamCountry "KOR"]

1. e4 c5 2. Nf3 d6 3. d4 cxd4 4. Nxd4 Nf6 5. Nc3 a6 6. Be2 e5 7. Nb3 Be6 8. Bg5 Nbd7 9. 0-0 b5 10. a3 Be7 11. Kh1 0-0 12. Nc1 Nc5 13. Bxf6 Bxf6 14. Bg4 Qd7 15. Bxe6 fxe6 16. Qd2 a5 17. Nb3 Nxb3 18. cxb3 Rad8 19. b4 a4 20. Rfd1 Be7 21. Qe2 Rb8 22. Rd3 Qc6 23. Rad1 Qc4 24. R3d2 Qxe2 25. Rxe2 Rfc8 26. Kg1 Rc4 27. Red2 Kf7 28. Rd3 Rb6 29. Kf1 Rb7 30. Ke2 Rb6 1/2-1/2